000 00810nac a22002171u 4500
010 _a 96038285
020 _a0819421057 (softcover)
020 _a8120323327
082 0 0 _a006.6
_bS61781
090 _c719
_d719
100 _aSinha, Divyendu.
245 1 0 _aIntroduction to computer-based imaging systems /
_cDivyendu Sinha, Edward R. Dougherty.
260 _aNew Delhi :
_bPrentice Hall of India,
_cc1998.
300 _axv, 313 p. ;
_c26 cm.
504 _aIncludes bibliographical references and index.
650 0 _aImage processing
_xDigital techniques.
650 0 _aComputer architecture.
700 1 _aDougherty, Edward R.
942 _cBB
_k006.6S61781
999 _c719
_d719